000
00374nam a22001577a 4500
003
MPLRDC
005
20220104124249.0
008
210129b ||||| |||| 00| 0 eng d
082
_a
857.59 ZJS c.2
100
_a
赵景深、杜浩铭校注
245
_a
英烈传
_c
260
_a
_b
学林有限公司
_c
1978
300
_b
平
650
_a
942
_c
BK
_o
857.59 ZJS c.2
999
_c
17950
_d
17940